01208nam a2200325 i 4500001000700000003000700007005001700014008004100031020001800072080002100090100003200111245006800143250008000211260004000291300002200331490002300353490002600376500001800402500001400420505005000434546004800484700002900532700004400561740001700605830003100622830003400653852005300687999001900740952012300759184944SpMaBN20250829030016.0160224s1984 sp |||| |dspa d a84-7175-109-7 a821.133.1-14"14"1 aVillon, François.911526810aPoesía completa / cVillon ; [traducción, Federico Gorbea]. aEd. bilingüe b3ª ed. [rev. y corr. por Francisco J. Herranz Masjuán]. aBarcelona : bEdiciones 29, c1984. a296 p. ; c19 cm.1 aLibros río nuevo1 aAire fresco. Poesía aCronología. aÍndice.8 aContiene: ; tLos legados ; tPoemas diversos aTexto original y traducción en español.1 aGorbea, Federico.9591301 aHerranz Masjuán, Francisco J.915885742aLos legados.00aLibros río nuevo91932720 aAire fresco. Poesía9225150 aES-MaACLjL-30216 z. - Donat. Miguel A. Velasco c184944d184944 00104070aATENEOMbATENEOMcDEPO2d2016-02-24eDONl0oL-30216p1194790r2023-02-23 00:00:00w2023-02-23yMONOGRAFIA